MARC details
| 000 -CABECERA |
| campo de control de longitud fija |
01275nam a2200265 a 4500 |
| 001 - NÚMERO DE CONTROL |
| campo de control |
000000910 |
| 005 - FECHA Y HORA DE LA ÚLTIMA TRANSACCIÓN |
| campo de control |
20240514073716.0 |
| 008 - DATOS DE LONGITUD FIJA--INFORMACIÓN GENERAL |
| campo de control de longitud fija |
090609s20uu dr a 001 0 spa d |
| 020 ## - NÚMERO INTERNACIONAL ESTÁNDAR DEL LIBRO |
| Número Internacional Estándar del Libro |
9993403148 |
| 020 ## - NÚMERO INTERNACIONAL ESTÁNDAR DEL LIBRO |
| Número Internacional Estándar del Libro |
9789993403142 |
| 040 ## - FUENTE DE LA CATALOGACIÓN |
| Centro catalogador/agencia de origen |
DO-SdBNP |
| Lengua de catalogación |
spa |
| Centro/agencia transcriptor |
BNPHU |
| 082 ## - NÚMERO DE LA CLASIFICACIÓN DECIMAL DEWEY |
| Número de clasificación |
170 |
| Número de documento/Ítem |
O77q |
| 100 1# - ENTRADA PRINCIPAL--NOMBRE DE PERSONA |
| Nombre de persona |
Ortíz, José Francisco |
| 9 (RLIN) |
3217 |
| 245 11 - MENCIÓN DE TÍTULO |
| Título |
¿Quién soy? : |
| Resto del título |
una puerta hacia la liberación / |
| Mención de responsabilidad, etc. |
José Francisco Ortíz ; prólogo Diómedes S. Chrístopher. |
| 260 ## - PUBLICACIÓN, DISTRIBUCIÓN, ETC. |
| Lugar de publicación, distribución, etc. |
Santo Domingo : |
| Nombre del editor, distribuidor, etc. |
Punto Mágico, |
| Fecha de publicación, distribución, etc. |
[200?]. |
| 300 ## - DESCRIPCIÓN FÍSICA |
| Extensión |
xiii, 206 p. : |
| Otras características físicas |
il. ; |
| Dimensiones |
21 cm. |
| 490 1# - MENCIÓN DE SERIE |
| Mención de serie |
Mi pequeñísima obra |
| 500 ## - NOTA GENERAL |
| Nota general |
Incluye datos de la obra en la contracubierta |
| 505 0# - NOTA DE CONTENIDO CON FORMATO |
| Nota de contenido con formato |
Prólogo -- Prefacio -- Introducción -- Lo que somos -- No crees más problemas -- Pereza mental -- La ley -- Amigo -- Religión y ciencia -- Lo que has de hacer y lo que es -- La energía sexual -- La causa de la confusión al salir -- Voluntad -- La vida -- Perdón -- Mentira -- Felicidad - La palabra - Pensamiento mente -- Vanidad -- Relato o verdad -- Eslabón -- Autodeterminación -- Iluminación -- Amor. |
| 650 #0 - PUNTO DE ACCESO ADICIONAL DE MATERIA--TÉRMINO DE MATERIA |
| Término de materia o nombre geográfico como elemento de entrada |
Ética |
| 9 (RLIN) |
509 |
| 650 #4 - PUNTO DE ACCESO ADICIONAL DE MATERIA--TÉRMINO DE MATERIA |
| Término de materia o nombre geográfico como elemento de entrada |
Valores |
| 9 (RLIN) |
3218 |
| 650 #4 - PUNTO DE ACCESO ADICIONAL DE MATERIA--TÉRMINO DE MATERIA |
| Término de materia o nombre geográfico como elemento de entrada |
Conducta |
| 9 (RLIN) |
3219 |
| 700 1# - PUNTO DE ACCESO ADICIONAL--NOMBRE DE PERSONA |
| Nombre de persona |
Chrístopher, Diómedes S., |
| Término indicativo de función/relación |
pról. |
| 9 (RLIN) |
3220 |
| 830 #0 - PUNTO DE ACCESO ADICIONAL DE SERIE-TÍTULO UNIFORME |
| Título uniforme |
Mi pequeñísima obra |
| 9 (RLIN) |
3221 |